الميثاق الوطني و قضايا التحول الديموقراطي في الأردن : (رقم التسجيلة. 5370)

تفاصيل مارك
000 -LEADER
fixed length control field 00765nam a22001937a 4500
005 - DATE AND TIME OF LATEST TRANSACTION
control field 20251108164152.0
008 - FIXED-LENGTH DATA ELEMENTS--GENERAL INFORMATION
fixed length control field 250721s1997 xx 000 0 ara d
082 14 - DEWEY DECIMAL CLASSIFICATION NUMBER
Classification number 342.0309565/ندو
100 1# - MAIN ENTRY--PERSONAL NAME
Personal name الدباس، حامد
Relator term محرر
111 2# - MAIN ENTRY--MEETING NAME
Meeting name or jurisdiction name as entry element ندوة الميثاق الوطني و قضايا التحول الديموقراطي في الأردن (1996 : عمان)
245 10 - TITLE STATEMENT
Title الميثاق الوطني و قضايا التحول الديموقراطي في الأردن :
Remainder of title بحوث و مناقشات ندوة الميثاق /
264 1# - PRODUCTION, PUBLICATION, DISTRIBUTION, MANUFACTURE, AND COPYRIGHT NOTICE
Place of production, publication, distribution, manufacture عمان :
Name of producer, publisher, distributor, manufacturer دار سندباد،
Date of production, publication, distribution, manufacture, or copyright notice 1997.
300 ## - PHYSICAL DESCRIPTION
Extent 234ص.
650 17 - SUBJECT ADDED ENTRY--TOPICAL TERM
Topical term or geographic name as entry element المواثيق
650 17 - SUBJECT ADDED ENTRY--TOPICAL TERM
Topical term or geographic name as entry element الأردن
650 17 - SUBJECT ADDED ENTRY--TOPICAL TERM
Topical term or geographic name as entry element الأحوال السياسية
942 ## - ADDED ENTRY ELEMENTS (KOHA)
Source of classification or shelving scheme Dewey Decimal Classification
Koha item type كتب
المقتنيات
حالة السحب حالة الفقدان مصدر التصنيف حالة التلف غير قابل للإعارة المكتبة الرئيسية المكتبة الحالية موقع الرف تاريخ التزويد الرقم المتسلسل Total Checkouts رقم الإستدعاء تاريخ آخر ظهور تاريخ الفاتورة نوع المادة (كوها) الباركود
    Dewey Decimal Classification     مكتبة أبو علندا العامة مكتبة أبو علندا العامة الإعارة 06/07/2004 514   342.0309565/ندو 28/07/2025 06/07/2004 كتب 514
    Dewey Decimal Classification Unchecked   مكتبة الاميرة بديعة مكتبة الاميرة بديعة الإعارة 06/07/2004 6076   342.0309565/ندو 28/07/2025 06/07/2004 كتب  
    Dewey Decimal Classification Unchecked   مكتبة الحسن العامة مكتبة الحسن العامة الإعارة 06/07/2004 10547   342.0309565/ندو 28/07/2025 06/07/2004 كتب  
    Dewey Decimal Classification     مكتبة حمزة العامة مكتبة حمزة العامة الإعارة 09/03/2016 [5692.]   342.0309565/ندو 28/07/2025 09/03/2016 كتب PLD00378931
    Dewey Decimal Classification     مكتبة صويلح العامة مكتبة صويلح العامة الإعارة 14/04/2019 <12970>   342.0309565/ندو 28/07/2025 14/04/2019 كتب PLD00449672
    Dewey Decimal Classification     مكتبة وادي السير العامة مكتبة وادي السير العامة الإعارة 21/03/2016 [6930.]   342.0309565/ندو 28/07/2025 21/03/2016 كتب PLD00381454
Implemented & Customized by: BBB with SCIT (Smart Chains for Information Technology)

Powered by Koha